New Romantics (TV) - Taylor Swift (All Lyrics) - Statistics

General Stats
  • This quiz has been taken 405 times
  • The average score is 447 of 485
Answer Stats
Lyrics % Correct
a
100%
I
100%
me,
100%
me
100%
me)
100%
the
100%
The
100%
We
100%
we
100%
baby,
99%
Baby,
99%
is
99%
(Is
99%
We're
99%
we're
99%
all
98%
And
98%
and
98%
(And
98%
are
98%
new
98%
of
98%
romantic
98%
romantic)
98%
with
98%
castle
97%
castle)
97%
(Castle)
97%
every
97%
in
97%
it
97%
life
97%
romantics,
97%
romantics
97%
so
97%
So,
97%
at
96%
(At
96%
build
96%
'Cause,
96%
'Cause
96%
come
96%
could
96%
like
96%
they
96%
to
96%
along
95%
day
95%
free
95%
he
95%
on
95%
on,
95%
best
94%
but
94%
But
94%
But,
94%
everything
94%
people
94%
threw
94%
anthem,
93%
dancin'
93%
dream
93%
dream)
93%
just
93%
national
93%
night
93%
Out
93%
tired
93%
along
92%
battle
92%
battle,
92%
bricks
92%
Heartbreak
92%
proudly
92%
sing
92%
Ah
91%
ah
91%
bored,
91%
off
90%
our
90%
Honey,
89%
honey,
89%
too
89%
us
89%
young,
89%
for
88%
it's
88%
It's
88%
(It's
88%
my
88%
know
87%
play
87%
busy
86%
get
86%
(Oh,
86%
oh,
86%
oh
86%
oh)
86%
Oh
86%
(Oh)
86%
what
86%
classroom
85%
cry
85%
tears
85%
that
85%
bathroom
84%
dumb,
84%
mine
84%
show
84%
comin'
83%
doin'
83%
feet
83%
mascara
83%
wait
83%
aren't
82%
better
82%
exactly
82%
Trust
82%
scarlet
81%
letters
80%
take
80%
hand
79%
them
79%
Please,
78%
ruin
78%
about
77%
different
77%
I'm
77%
love,
77%
road
77%
rumors
77%
true
76%
up,
76%
want
76%
cruel
75%
danger
75%
face
75%
leave
75%
most
75%
see
75%
then
75%
can't
74%
terrible
74%
trains
74%
ace,
73%
knocked
73%
record
71%
need
70%
stranded
70%
here,
69%
timing
69%
changer
68%
poker,
68%
switch
66%
blinding
65%
lights
64%
sides
63%
team
63%
(Yeah)
60%
back,
57%
hang
54%
noise
48%
(Hey)
19%
No matching quizzes found
Score Distribution
Percent of People with Each Score
Percentile by Number Answered
Your Score History
You have not taken this quiz